000 00796nas a2200277 4500
001 BR2011005799
003 BR-BrBNA
005 20231205115139.0
007 ta
008 230509b bl.|||p| |||| 00| 00por d
040 _aBR-BrBNA
_bpor
_cBiblioteca Nacional de Agricultura
041 _a(Pt)
072 _aH10
100 1 _aRafael, J.A.
100 1 _aSilva, N.M. da
100 1 _aDias, R.M.N.S.
245 1 _aBaratas (Insecta, Blattaria)sinantrópicas na cidade de Manaus, Amazonas, Brasil
650 _aBARATA
650 _aINSETO
650 _aENTOMOLOGIA
650 _aESPÉCIE
650 _aAMAZONAS
773 0 _tActa Amazônica (Brazil)
_xISSN 0044-5967
_g(Mar 2008), V. 38(1) p. 173-178
_wBR2011005799
909 _a202311
_bLúcia
_c55
_dLúcia Elande
942 _2AGRIS
_n0
_cANA
999 _c212311
_d212311